Normal view
MARC view
- United States
Entry Geographic Name
001 - CONTROL NUMBER
- control field: 124889
003 - CONTROL NUMBER IDENTIFIER
- control field: KE-NaSUL
005 - DATE AND TIME OF LATEST TRANSACTION
- control field: 20250825185600.0
008 - FIXED-LENGTH DATA ELEMENTS
- fixed length control field: 250825|| aca||aabn | a|a d
040 ## - CATALOGING SOURCE
- Original cataloging agency: KE-NaSUL
- Transcribing agency: KE-NaSUL
151 ## - HEADING--GEOGRAPHIC NAME
- Geographic name: United States
- General subdivision: History
- Chronological subdivision: Civil War, 1861-1865
- Form subdivision: Personal narratives, Confederate
670 ## - SOURCE DATA FOUND
- Source citation: Work cat.: (KE-NaSUL)94912: Simpson, R. W. (Richard Wright), 1840-1912. 124885, Far, far from home, 1994.